|
|
|
|
| LEADER |
00000nam0a2200000 4500 |
| 001 |
48638 |
| 005 |
20231031032038.0 |
| 010 |
|
|
|a 5845903793
|
| 035 |
|
|
|a (RuTPU)RU\TPU\book\50939
|
| 090 |
|
|
|a 48638
|
| 100 |
|
|
|a 20030320d2002 km y0rusy50 ca
|
| 101 |
1 |
|
|a rus
|c eng
|
| 102 |
|
|
|a RU
|
| 105 |
|
|
|a a z 001zy
|
| 200 |
1 |
|
|a Архитектура .NET и программирование на Visual C++
|e пер. с англ.
|f П. Торстейнсон, Р. Оберг
|
| 210 |
|
|
|a Москва
|c Вильямс
|d 2002
|
| 215 |
|
|
|a 654 с.
|c ил.
|
| 320 |
|
|
|a Предм. указ.: с. 637-653
|
| 610 |
1 |
|
|a информатика
|
| 610 |
1 |
|
|a программирование
|
| 610 |
1 |
|
|a технология
|
| 610 |
1 |
|
|a .NET
|
| 610 |
1 |
|
|a архитектура
|
| 610 |
1 |
|
|a языки программирования
|
| 610 |
1 |
|
|a Visual C++
|
| 610 |
1 |
|
|a объектно-ориентированное программирование
|
| 610 |
1 |
|
|a Web-службы
|
| 610 |
1 |
|
|a защита
|
| 610 |
1 |
|
|a коды
|
| 675 |
|
|
|a 681.324.06
|v 3
|
| 700 |
|
1 |
|a Торстейнсон
|b П.
|g Питер
|
| 701 |
|
1 |
|a Оберг
|b Р.
|g Роберт
|
| 801 |
|
1 |
|a RU
|b 63413507
|c 20030320
|g PSBO
|
| 801 |
|
2 |
|a RU
|b 63413507
|c 20190708
|g PSBO
|
| 942 |
|
|
|c BK
|